<?xml version="1.0" encoding="UTF-8"?>
<record
    xmlns:xsi="http://www.w3.org/2001/XMLSchema-instance"
    xsi:schemaLocation="http://www.loc.gov/MARC21/slim http://www.loc.gov/standards/marcxml/schema/MARC21slim.xsd"
    xmlns="http://www.loc.gov/MARC21/slim">

  <leader>02997    a2200433   4500</leader>
  <controlfield tag="001">46046</controlfield>
  <controlfield tag="005">20260407155733.0</controlfield>
  <controlfield tag="008">260407a2010    arg                 spa d</controlfield>
  <controlfield tag="003">AR-UNSa-BCEJYS</controlfield>
  <datafield tag="040" ind1=" " ind2=" ">
    <subfield code="a">AR-UNSa-BCEJYS</subfield>
    <subfield code="b">spa</subfield>
    <subfield code="c">AR-UNSa-BCEJYS</subfield>
  </datafield>
  <datafield tag="080" ind1=" " ind2=" ">
    <subfield code="a">331.5(82)</subfield>
    <subfield code="x">Mercado de Trabajo. Empleo en Argentina</subfield>
  </datafield>
  <datafield tag="245" ind1="1" ind2="0">
    <subfield code="a">Transformaciones del empleo en la Argentina</subfield>
    <subfield code="p">estructura, din&#xE1;mica e instituciones</subfield>
  </datafield>
  <datafield tag="020" ind1=" " ind2=" ">
    <subfield code="a">978-987-1599-43-1</subfield>
  </datafield>
  <datafield tag="264" ind1=" " ind2="1">
    <subfield code="a">Buenos Aires :</subfield>
    <subfield code="b">Ediciones CICCUS</subfield>
    <subfield code="c">2010</subfield>
  </datafield>
  <datafield tag="300" ind1=" " ind2=" ">
    <subfield code="a">316 p.</subfield>
    <subfield code="c">23 cm.</subfield>
  </datafield>
  <datafield tag="505" ind1=" " ind2=" ">
    <subfield code="a">Parte I: El mercado de trabajo argentino: principios agregados y especificidades sectoriales: 1. Transformaciones del mercado de trabajo en la Argentina: 1974-2009 / Julio C&#xE9;sar Neffa, Mar&#xED;a Laura Oliveri y Juliana Persia &#x2013; 2. Aspectos te&#xF3;ricos relevantes para el an&#xE1;lisis emp&#xED;rico de la informalidad Argentina / Patricio  Narodowski, Demian T. Panigo y Nicol&#xE1;s Dvoskin &#x2013; 3. &#xBF;Por qu&#xE9; difieren las tasas de desempleo de j&#xF3;venes y adultos? Un an&#xE1;lisis de transiciones laborales en la Argentina post Convertibilidad  / Pablo E. P&#xE9;rez -4. Ruralidad y mercados de trabajo. Perfil, inserci&#xF3;n y remuneraciones de los asalariados en tres provincias de la Argentina / Mariela Blanco, Guillermo Neiman, Germ&#xE1;n Quaranta &#x2013; 5. &#x201C;Empleo industrial en la post convertibilidad. Una aproximaci&#xF3;n del per&#xED;odo 2003-2008 bajo una mirada de largo plazo&#x201D; / Paula Espa&#xF1;ol y Germ&#xE1;n Herrerra &#x2013; Parte II: Derechos laborales y pol&#xED;ticas de empleo durante la postconvertibilidad: 6. Principales Reformas Normativas en el &#xE1;mbito laboral. Per&#xED;odo 2002/2009 / Eugenio Biaffore, y Ana Berasueta &#x2013; 7. Pol&#xED;ticas de empleo: un an&#xE1;lisis en el a&#xF1;o del bicentenario / Enrique Deibe, Secretario de Empleo del MTEySS &#x2013; Parte III: LA macroeconom&#xED;a del empleo en el corto y largo plazo: 8. El crecimiento del empleo en la Argentina desde la teor&#xED;a de la regulaci&#xF3;n. Los cambios generados por la apertura internacional / Julio C&#xE9;sar Neffa y Emiliano L&#xF3;pez &#x2013; 9. El ciclo del empleo y la reproducci&#xF3;n del capital en la Argentina de la convertibilidad y la post-convertibilidad / Demian Tupac Panigo, Pablo Ignacio Chena y Ana In&#xE9;s Garriz - </subfield>
  </datafield>
  <datafield tag="942" ind1=" " ind2=" ">
    <subfield code="c">BK</subfield>
  </datafield>
  <datafield tag="590" ind1=" " ind2=" ">
    <subfield code="a">niveau_biblio:m niveau_hierar:0</subfield>
  </datafield>
  <datafield tag="100" ind1="1" ind2=" ">
    <subfield code="a">Berasueta, Ana Cecilia</subfield>
  </datafield>
  <datafield tag="700" ind1="1" ind2=" ">
    <subfield code="a">Panigo, Demi&#xE1;n Tupac</subfield>
  </datafield>
  <datafield tag="700" ind1="1" ind2=" ">
    <subfield code="a">Neffa, Julio C&#xE9;sar</subfield>
  </datafield>
  <datafield tag="700" ind1="1" ind2=" ">
    <subfield code="a">Biafore, Eugenio</subfield>
  </datafield>
  <datafield tag="700" ind1="1" ind2=" ">
    <subfield code="a">P&#xE9;rez, Pablo Ernesto</subfield>
  </datafield>
  <datafield tag="700" ind1="1" ind2=" ">
    <subfield code="a">Blanco, Mariela</subfield>
  </datafield>
  <datafield tag="700" ind1="1" ind2=" ">
    <subfield code="a">Chena, Pablo</subfield>
  </datafield>
  <datafield tag="700" ind1="1" ind2=" ">
    <subfield code="a">Deibe, Enrique</subfield>
  </datafield>
  <datafield tag="700" ind1="1" ind2=" ">
    <subfield code="a">Dvoskin, Nicol&#xE1;s</subfield>
  </datafield>
  <datafield tag="700" ind1="1" ind2=" ">
    <subfield code="a">Espa&#xF1;ol, Paula</subfield>
  </datafield>
  <datafield tag="700" ind1="1" ind2=" ">
    <subfield code="a">G&#xE1;rriz, Ana</subfield>
  </datafield>
  <datafield tag="700" ind1="1" ind2=" ">
    <subfield code="a">Herrera, Germ&#xE1;n</subfield>
  </datafield>
  <datafield tag="700" ind1="1" ind2=" ">
    <subfield code="a">L&#xF3;pez, Emiliano</subfield>
  </datafield>
  <datafield tag="700" ind1="1" ind2=" ">
    <subfield code="a">Narodowski, Patricio</subfield>
  </datafield>
  <datafield tag="700" ind1="1" ind2=" ">
    <subfield code="a">Neiman, Guillermo</subfield>
  </datafield>
  <datafield tag="700" ind1="1" ind2=" ">
    <subfield code="a">Oliveri, Mar&#xED;a Laura</subfield>
  </datafield>
  <datafield tag="700" ind1="1" ind2=" ">
    <subfield code="a">P&#xE9;rez, Pablo</subfield>
  </datafield>
  <datafield tag="700" ind1="1" ind2=" ">
    <subfield code="a">Persia, Juliana</subfield>
  </datafield>
  <datafield tag="700" ind1="1" ind2=" ">
    <subfield code="a">Quaranta, Germ&#xE1;n</subfield>
  </datafield>
  <datafield tag="856" ind1="4" ind2="1">
    <subfield code="u">https://www.biblioeco.unsa.edu.ar/pmb/images/libros/L127295.jpg</subfield>
    <subfield code="y">Imagen de portada</subfield>
    <subfield code="q">image/jpeg</subfield>
  </datafield>
  <datafield tag="999" ind1=" " ind2=" ">
    <subfield code="c">4127</subfield>
    <subfield code="d">4127</subfield>
  </datafield>
  <datafield tag="952" ind1=" " ind2=" ">
    <subfield code="0">0</subfield>
    <subfield code="1">0</subfield>
    <subfield code="4">0</subfield>
    <subfield code="7">0</subfield>
    <subfield code="a">BCEJYS</subfield>
    <subfield code="b">BCEJYS</subfield>
    <subfield code="c">16</subfield>
    <subfield code="d">2026-04-07</subfield>
    <subfield code="l">0</subfield>
    <subfield code="o">331.5(82) N383</subfield>
    <subfield code="p">L127295</subfield>
    <subfield code="r">2026-04-07 15:57:33</subfield>
    <subfield code="w">2026-04-07</subfield>
    <subfield code="y">L</subfield>
  </datafield>
</record>
